000 00479nam a2200157Ia 4500
003 SISC
005 20191122150734.0
008 180205s9999 xx 000 0 und d
020 _a9789712724923
050 _aD 21.3
_b.D542 2011
100 _aDiaz, Christine L.
245 _aWorld history :
_bnew perspectives : the renaissance to the global wars /
_cChristine L. Diaz
260 _aMandaluyong City
_bAnvil publishing
_c2011.
300 _aviii, 253 pages
942 _2lcc
_cBK
999 _c354726
_d354726